000
00315nam a2200133Ia 4500
008
190216s9999||||xx |||||||||||||| ||und||
100
_a
Rajiv Mathur
245
0
_a
Understanding Lotus1-2-3
250
_a
1st Ed.
260
_b
Galgotia Publication Pvt Ltf
_c
1993
300
_a
732
650
_a
Computer
942
_c
BK
999
_c
8417
_d
8417